00805cam a2200265 450000100060000000300080000600500170001400800390003102000330007003500190010304000320012204100080015408200240016210000180018624500490020426000500025330000340030349000420033750400300037950400200040965000200042965100470044983000080049683000350050427654BD-RjUL20211209051202.0140325s1972 enkb b 001 0 eng a0521084881a0521097835 (pbk) a(BD-RjUL)27733 aDLCcDLCdDLCdBD-RjULbeng aeng00a320.95403bHAM 19721 aHardy, Peter.14aThe Muslims of British India /cby P. Hardy. aLondon :bCambridge University Press,cc1972. aix, 306 p. :bmaps. ;c22 cm.1 aCambridge South Asian studies, no. 13 aBibliography: p. 261-272. aIncludes Index. 0aMuslimszIndia. 0aIndiaxPolitics and governmenty1765-1947. 0v13. 0aCambridge South Asian studies,